000 00713nam a2200265Ia 4500
003 OSt
005 20221007110516.0
006 a|||||r|||| 00| 0
007 ta
008 221006b |||||||| |||| 00| 0 eng d
020 _a0275643204
024 _a21,255
037 _cTextual
040 _aLCO
_cLCO
_beng
041 _2eng
_aeng
082 _aY:45.73, L7
100 _aInciardi James A.
_9707585
245 0 _aCrime
_b Emerging Issues
260 _aNew
_bYork Praeger Publishers U.S.A.
_c1977
300 _a206
650 _aCRIME
700 _a Siegal Harvey A.
_9707586
942 _hY:45.73, L7
_cTEXL
999 _c1190818
_d1190818